ग्लोबल गाँव के देवता / (Record no. 52278)

MARC details
000 -LEADER
fixed length control field 04847nam a22004577a 4500
005 - DATE AND TIME OF LATEST TRANSACTION
control field 20110510115127.0
010 ## - LCCN (DPL NO)
LC control number B-438226-240
020 ## - INTERNATIONAL STANDARD BOOK NUMBER
Terms of availability 140.00
International Standard Book Number 9788126320967
035 ## - SYSTEM CONTROL NUMBER
System control number B-438226-240
037 ## - SOURCE OF ACQUISITION
Source of stock number/acquisition Allied Pub.
082 ## - DEWEY DECIMAL CLASSIFICATION NUMBER
Classification number
100 ## - MAIN ENTRY--PERSONAL NAME
Personal name रणेन्द्र
245 ## - TITLE STATEMENT
Title ग्लोबल गाँव के देवता /
Statement of responsibility, etc रणेन्द्र
246 ## - VARYING FORM OF TITLE
Title proper/short title Global Gaon ke Devta
Remainder of title by Ranendra
250 ## - EDITION STATEMENT
Edition statement 3रा संस्क
260 ## - PUBLICATION, DISTRIBUTION, ETC. (IMPRINT)
Place of publication, distribution, etc नई दिल्ली
Name of publisher, distributor, etc भारतीय ज्ञानपीठ
Date of publication, distribution, etc 2011
270 ## - ADDRESS
Address 18, इंन्स्टीटयूशनल एरिया, लोदी रोड
City नई दिल्ली
Postal code 110003
300 2# - PHYSICAL DESCRIPTION
Extent 100पृ.
Dimensions 22सेमी (सजिल्द)
490 ## - SERIES STATEMENT
Series statement लोकोदय ग्रन्थमालाः ग्रन्थांक 1007 / रवीन्द्र कालिया द्वारा संपादित
-- 29098
650 ## - SUBJECT ADDED ENTRY--TOPICAL TERM
Topical term or geographic name as entry element हिन्दी कथा साहित्य
650 ## - SUBJECT ADDED ENTRY--TOPICAL TERM
Topical term or geographic name as entry element Hindi Novel
700 ## - ADDED ENTRY--PERSONAL NAME
9 (RLIN) 25634
700 ## - ADDED ENTRY--PERSONAL NAME
9 (RLIN) 25670
942 ## - ADDED ENTRY ELEMENTS (KOHA)
Source of classification or shelving scheme Dewey Decimal Classification
Item type Hindi Books
Classification part
Call number suffix रणेन्द्र
Holdings
Withdrawn status Lost status Not for loan Collection code Home library Current library Date acquired Source of acquisition Cost, normal purchase price Full call number Barcode Copy number Cost, replacement price Koha item type Public note
      Fiction Andrews Gunj Andrews Gunj 01/07/2011 एलाईड पब्लिशर्स/2970/30.3.11/84/24.3.11/31.3.11 140.00 उ रणेन्द्र B-438235 1 140.00 Hindi Books  
      Fiction Bawana Bawana 01/07/2011 एलाईड पब्लिशर्स/2970/30.3.11/84/24.3.11/31.3.11 140.00 उ रणेन्द्र B-438237 1 140.00 Hindi Books  
      Fiction Central Library Central Library 01/07/2011 एलाईड पब्लिशर्स/2970/30.3.11/84/24.3.11/31.3.11 140.00 उ रणेन्द्र B-438226 2 140.00 Hindi Books  
      Fiction Central Library Central Library 01/07/2011 एलाईड पब्लिशर्स/2970/30.3.11/84/24.3.11/31.3.11 140.00 उ रणेन्द्र B-438227 2 140.00 Hindi Books  
      Fiction Janak Puri Janak Puri 01/07/2011 एलाईड पब्लिशर्स/2970/30.3.11/84/24.3.11/31.3.11 140.00 उ रणेन्द्र B-438232 1 140.00 Hindi Books  
      Fiction Kasturba Gandhi Marg Kasturba Gandhi Marg 01/07/2011 एलाईड पब्लिशर्स/2970/30.3.11/84/24.3.11/31.3.11 140.00 उ रणेन्द्र B-438231 1 140.00 Hindi Books  
      Fiction Mobile Library Mobile Library 01/07/2011 एलाईड पब्लिशर्स/2970/30.3.11/84/24.3.11/31.3.11 140.00 उ रणेन्द्र B-438228 2 140.00 Hindi Books  
Written off     Fiction Mobile Library Mobile Library 01/07/2011 एलाईड पब्लिशर्स/2970/30.3.11/84/24.3.11/31.3.11 140.00 उ रणेन्द्र B-438229 2 140.00 Hindi Books Written off on approval by DLB (By Circulation); dtd 15-06-2023
      Fiction New Rohtak Road New Rohtak Road 01/07/2011 एलाईड पब्लिशर्स/2970/30.3.11/84/24.3.11/31.3.11 140.00 उ रणेन्द्र B-438238 1 140.00 Hindi Books  
      Fiction Patel Nagar Patel Nagar 01/07/2011 एलाईड पब्लिशर्स/2970/30.3.11/84/24.3.11/31.3.11 140.00 उ रणेन्द्र B-438230 1 140.00 Hindi Books  
      Fiction R.K.Puram-8 R.K.Puram-8 01/07/2011 एलाईड पब्लिशर्स/2970/30.3.11/84/24.3.11/31.3.11 140.00 उ रणेन्द्र B-438234 1 140.00 Hindi Books  
      Fiction Sarojini Nagar Sarojini Nagar 01/07/2011 एलाईड पब्लिशर्स/2970/30.3.11/84/24.3.11/31.3.11 140.00 उ रणेन्द्र B-438233 1 140.00 Hindi Books  
      Fiction Shahdara Branch Shahdara Branch 01/07/2011 एलाईड पब्लिशर्स/2970/30.3.11/84/24.3.11/31.3.11 140.00 उ रणेन्द्र B-438239 1 140.00 Hindi Books  
      Fiction Vinoba Puri Vinoba Puri 01/07/2011 एलाईड पब्लिशर्स/2970/30.3.11/84/24.3.11/31.3.11 140.00 उ रणेन्द्र B-438236 1 140.00 Hindi Books  
      Fiction Yojana Vihar Yojana Vihar 01/07/2011 एलाईड पब्लिशर्स/2970/30.3.11/84/24.3.11/31.3.11 140.00 उ रणेन्द्र B-438240 1 140.00 Hindi Books  

© Delhi Public Library
Hit Counter
free hit counter